[Event "4NCL Division 2c"]
[Site "Puma Hotel, Hinckley Island EN"]
[Date "2013.05.04"]
[Round "9.43"]
[White "Bentley, John L"]
[Black "Simons, Martin J"]
[Result "1/2-1/2"]
[WhiteElo "2212"]
[BlackElo "2132"]
[PlyCount "83"]
[EventDate "2013.05.04"]
[WhiteTeam "3Cs 1"]
[BlackTeam "Wessex"]

1. d4 Nf6 2. c4 c5 3. d5 b5 4. cxb5 a6 5. bxa6 g6 6. Nc3 Bxa6 7. g3 d6 8. Bg2
Bg7 9. Nf3 O-O 10. Rb1 Nbd7 11. b3 Qa5 12. Bd2 Ne8 13. Qc2 Nc7 14. O-O Nb5 15.
Nxb5 Qxb5 16. Rfe1 Nb6 17. e4 Nd7 18. a4 Qb6 19. Bc3 Bxc3 20. Qxc3 Rfb8 21. e5
Qb4 22. Qxb4 Rxb4 23. e6 Nf8 24. exf7+ Kxf7 25. Ng5+ Kf6 26. Ne4+ Kf7 27. Ng5+
Kf6 28. Ne4+ Kf7 29. Nd2 Rab8 30. Rbc1 Rd4 31. Nc4 Bxc4 32. bxc4 Nd7 33. Bf1
Ne5 34. Red1 Ra8 35. f4 Rxd1 36. Rxd1 Nf3+ 37. Kg2 Nd4 38. Ra1 Nc2 39. Ra2 Nb4
40. Ra3 Nc2 41. Rc3 Nd4 42. Ra3 1/2-1/2

[Event "4NCL Division 2c"]
[Site "Puma Hotel, Hinckley Island EN"]
[Date "2013.05.04"]
[Round "9.44"]
[White "Pleasants, Allan J"]
[Black "House, Glenn L"]
[Result "1/2-1/2"]
[WhiteElo "2030"]
[BlackElo "2228"]
[PlyCount "106"]
[EventDate "2013.05.04"]
[WhiteTeam "Wessex"]
[BlackTeam "3Cs 1"]

1. e4 c5 2. Nf3 e6 3. d4 cxd4 4. Nxd4 Nf6 5. Nc3 d6 6. Bc4 Be7 7. Be3 O-O 8.
Qe2 a6 9. a3 Nc6 10. f3 Qc7 11. Rd1 Nxd4 12. Bxd4 b5 13. Bb3 Bb7 14. O-O Bc6
15. Rfe1 Rad8 16. Qf2 Qb7 17. Bb6 Rc8 18. Ne2 Nd7 19. Be3 Nc5 20. Ba2 Be8 21.
Nf4 Kh8 22. c3 a5 23. Nd3 Nxd3 24. Rxd3 b4 25. c4 a4 26. axb4 Qxb4 27. Bd4 e5
28. Bc3 Qb8 29. Red1 Bd7 30. Qc2 Qb6+ 31. Kh1 Be6 32. c5 Rxc5 33. Bxe6 fxe6 34.
Qxa4 Rb5 35. Qc4 d5 36. exd5 exd5 37. Rxd5 Rxd5 38. Rxd5 Bf6 39. Qe4 Qf2 40.
Rd1 Re8 41. b4 h6 42. Qe1 Qb6 43. Bd4 Qc6 44. Bc5 e4 45. fxe4 Rxe4 46. Qf2 Qe8
47. h3 Qe5 48. Qf3 Bh4 49. Bd6 Re1+ 50. Rxe1 Qxe1+ 51. Kh2 Bf2 52. Qf8+ Kh7 53.
Qf5+ Kh8 1/2-1/2

[Event "4NCL Division 2c"]
[Site "Puma Hotel, Hinckley Island EN"]
[Date "2013.05.04"]
[Round "9.45"]
[White "Walton, Alan J"]
[Black "Tunks, Dominic R"]
[Result "1/2-1/2"]
[WhiteElo "2142"]
[BlackElo "2055"]
[PlyCount "41"]
[EventDate "2013.05.04"]
[WhiteTeam "3Cs 1"]
[BlackTeam "Wessex"]

1. d4 Nf6 2. Bg5 e6 3. e4 h6 4. Bxf6 Qxf6 5. Nc3 d6 6. Bd3 c6 7. Nge2 e5 8. d5
Nd7 9. O-O Qd8 10. Qd2 Be7 11. Rab1 O-O 12. b4 a6 13. a4 Nf6 14. Ng3 Qc7 15.
Rb3 h5 16. Be2 h4 17. Nf5 Bxf5 18. exf5 cxd5 19. Nxd5 Nxd5 20. Qxd5 Qxc2 21.
Bf3 1/2-1/2

[Event "4NCL Division 2c"]
[Site "Puma Hotel, Hinckley Island EN"]
[Date "2013.05.04"]
[Round "9.46"]
[White "de Coverly, Roger D"]
[Black "Horton, Jamie A"]
[Result "1/2-1/2"]
[WhiteElo "2019"]
[BlackElo "1983"]
[PlyCount "111"]
[EventDate "2013.05.04"]
[WhiteTeam "Wessex"]
[BlackTeam "3Cs 1"]

1. e4 c5 2. Nf3 e6 3. g3 Nc6 4. Bg2 d6 5. O-O Nf6 6. Qe2 Be7 7. Rd1 O-O 8. c3
d5 9. e5 Nd7 10. d4 Qb6 11. Be3 f6 12. exf6 Nxf6 13. dxc5 Bxc5 14. Bxc5 Qxc5
15. Nbd2 Bd7 16. Nb3 Qb6 17. Rf1 Rae8 18. c4 dxc4 19. Qxc4 Kh8 20. Qc5 Qb4 21.
Qxb4 Nxb4 22. Ne5 Bc8 23. Rac1 Nbd5 24. Rfe1 Kg8 25. Nd4 a6 26. f4 Rd8 27. Rcd1
Rfe8 28. a3 h6 29. Bh3 Kf8 30. Nc4 Kf7 31. f5 exf5 32. Nxf5 Rxe1+ 33. Rxe1 Bxf5
34. Bxf5 b5 35. Be6+ Kg6 36. Ne5+ Kh7 37. Bf5+ Kg8 38. Nc6 Rd6 39. Re6 Rxe6 40.
Bxe6+ Kf8 41. Bc8 Nc7 42. b4 Ne4 43. Nd4 Nd6 44. Bh3 Nc4 45. Nc2 Ke7 46. Kf2
Kf6 47. Ke2 Ke5 48. Kd3 Ne8 49. Bc8 Nc7 50. Bh3 Ne8 51. Kc3 Ned6 52. Bg2 Ne4+
53. Kd3 Nb2+ 54. Ke3 Nc4+ 55. Kd3 Nb2+ 56. Ke3 1/2-1/2

[Event "4NCL Division 2c"]
[Site "Puma Hotel, Hinckley Island EN"]
[Date "2013.05.04"]
[Round "9.47"]
[White "Horton, Andrew P"]
[Black "Gill, Oliver"]
[Result "1-0"]
[WhiteElo "2015"]
[BlackElo "1984"]
[PlyCount "51"]
[EventDate "2013.05.04"]
[WhiteTeam "3Cs 1"]
[BlackTeam "Wessex"]

1. e4 e5 2. Nf3 Nf6 3. Nxe5 d6 4. Nf3 Nxe4 5. Nc3 Nxc3 6. dxc3 Be7 7. Be3 O-O
8. Qd2 Nd7 9. O-O-O Ne5 10. Be2 c6 11. Kb1 Be6 12. Nd4 Nc4 13. Bxc4 Bxc4 14. b3
Be6 15. h4 Bxh4 16. Qe2 g6 17. Nxe6 fxe6 18. Qg4 Bf6 19. Qxe6+ Kh8 20. Rxh7+
Kxh7 21. Rh1+ Bh4 22. g3 Kg7 23. Rxh4 g5 24. Bd4+ Rf6 25. Bxf6+ Qxf6 26. Rh7+
1-0

[Event "4NCL Division 2c"]
[Site "Puma Hotel, Hinckley Island EN"]
[Date "2013.05.04"]
[Round "9.48"]
[White "Reid, Vaness"]
[Black "Burton, Graham P"]
[Result "1/2-1/2"]
[WhiteElo "1844"]
[BlackElo "2052"]
[PlyCount "52"]
[EventDate "2013.05.04"]
[WhiteTeam "Wessex"]
[BlackTeam "3Cs 1"]

1. d4 Nf6 2. c4 c5 3. d5 e6 4. Nc3 exd5 5. cxd5 d6 6. Nf3 g6 7. Qa4+ Bd7 8. Qb3
Qc7 9. e4 Bg7 10. Bc4 O-O 11. O-O a6 12. a4 Bg4 13. Nd2 Bc8 14. h3 Nbd7 15. Nf3
Nh5 16. g4 Nhf6 17. Bf4 h5 18. g5 Nh7 19. Rfe1 Ne5 20. Bxe5 Bxe5 21. Nxe5 dxe5
22. h4 Qd7 23. Ne2 Qg4+ 24. Qg3 Qxe4 25. b3 Bf5 26. Nc3 Qg4 1/2-1/2

[Event "4NCL Division 2d"]
[Site "Puma Hotel, Hinckley Island EN"]
[Date "2013.05.05"]
[Round "10.51"]
[White "Buchicchio, Giampaolo"]
[Black "Swanson, Stephen"]
[Result "1/2-1/2"]
[WhiteElo "2306"]
[BlackElo "2253"]
[PlyCount "110"]
[EventDate "2013.05.05"]
[WhiteTeam "Barbican Youth"]
[BlackTeam "Poisoned Pawns"]

1. e4 g6 2. d4 Bg7 3. Nc3 d6 4. f4 a6 5. Nf3 b5 6. Bd3 Nd7 7. a4 b4 8. Ne2 c5
9. c3 bxc3 10. bxc3 e6 11. h4 Bb7 12. Ng3 Qc7 13. O-O Ne7 14. Qe1 d5 15. h5
dxe4 16. Nxe4 Nf5 17. Ba3 Bxe4 18. Bxe4 O-O 19. hxg6 hxg6 20. g4 Nh6 21. Ne5
Rac8 22. g5 Nf5 23. Bxf5 exf5 24. Ra2 Rfe8 25. Rh2 Nxe5 26. dxe5 Qc6 27. Qe3
Red8 28. Re2 Re8 29. Rd2 Qxa4 30. Bxc5 Qc4 31. Bd4 a5 32. Rfd1 a4 33. Qe2 Qc6
34. Qg2 Qc4 35. Qe2 Qc6 36. Qg2 Qxg2+ 37. Kxg2 Rc4 38. Rb2 Bf8 39. e6 a3 40.
Rh1 Rxd4 41. exf7+ Kxf7 42. Rb7+ Ke6 43. cxd4 Kd5 44. Kf3 Ra8 45. Rc1 a2 46.
Ra1 Ra3+ 47. Kg2 Kxd4 48. Rb2 Ke4 49. Rf2 Bg7 50. Raxa2 Rxa2 51. Rxa2 Kxf4 52.
Ra7 Be5 53. Ra5 Bg7 54. Ra7 Be5 55. Ra5 Bg7 1/2-1/2

[Event "4NCL Division 2d"]
[Site "Puma Hotel, Hinckley Island EN"]
[Date "2013.05.05"]
[Round "10.52"]
[White "Byway, Paul V"]
[Black "Poobalasingam, Peter S"]
[Result "0-1"]
[WhiteElo "2157"]
[BlackElo "2211"]
[PlyCount "76"]
[EventDate "2013.05.05"]
[WhiteTeam "Poisoned Pawns"]
[BlackTeam "Barbican Youth"]

1. Nf3 Nf6 2. c4 g6 3. d4 Bg7 4. Nc3 d5 5. e3 O-O 6. Bd2 e6 7. Rc1 Nc6 8. Be2
Ne4 9. O-O Nxd2 10. Nxd2 Ne7 11. Bf3 b6 12. b4 Bb7 13. cxd5 exd5 14. b5 f5 15.
g3 g5 16. Bg2 f4 17. exf4 gxf4 18. Nf3 a6 19. Ng5 Qd6 20. Re1 fxg3 21. hxg3 Qf6
22. f4 Rfd8 23. Re5 axb5 24. Qd3 Qg6 25. Qxg6 Nxg6 26. Rxd5 Rxd5 27. Bxd5+ Bxd5
28. Nxd5 Bxd4+ 29. Kh1 c5 30. Nxb6 Rxa2 31. Nd7 c4 32. f5 Ne5 33. Nf6+ Kg7 34.
Nfe4 Be3 35. Rf1 Ng4 36. Ne6+ Kh6 37. Nf2 Bxf2 38. Kg2 Ne3+ 0-1

[Event "4NCL Division 2d"]
[Site "Puma Hotel, Hinckley Island EN"]
[Date "2013.05.05"]
[Round "10.53"]
[White "Coleman, David J"]
[Black "Goodger, Martyn"]
[Result "1/2-1/2"]
[WhiteElo "2269"]
[BlackElo "2086"]
[PlyCount "131"]
[EventDate "2013.05.05"]
[WhiteTeam "Barbican Youth"]
[BlackTeam "Poisoned Pawns"]

1. e4 e5 2. d4 exd4 3. Qxd4 Nc6 4. Qe3 g6 5. Nc3 Bg7 6. Bd2 Nf6 7. O-O-O O-O 8.
Bc4 Re8 9. Nf3 Na5 10. Bd3 d5 11. Nxd5 Nxd5 12. Qc5 Qf6 13. e5 Rxe5 14. Nxe5
Qxe5 15. Qa3 Be6 16. Rde1 Qf6 17. Bxa5 Qxf2 18. Be4 Bh6+ 19. Kb1 Ne3 20. Bc3
Nc4 21. Qe7 Bd2 22. Rhf1 Qb6 23. Qf6 Bxc3 24. Qxc3 Rd8 25. Rd1 Nd6 26. b3 Re8
27. Bd3 Nf5 28. Bxf5 Bxf5 29. Rfe1 Rxe1 30. Rxe1 Be6 31. Rd1 c6 32. Qf6 Bd5 33.
c4 c5 34. Qxb6 Be4+ 35. Kb2 axb6 36. g3 Kg7 37. Rd6 Bc6 38. Kc3 Kf8 39. Rd2 Ke7
40. Kd3 Ke6 41. Re2+ Kf6 42. Rf2+ Ke6 43. a4 f5 44. Ra2 g5 45. a5 bxa5 46. Rxa5
Kd6 47. b4 Be4+ 48. Ke3 cxb4 49. Rb5 b3 50. Kd4 Bc2 51. Rxb7 f4 52. gxf4 gxf4
53. Rb6+ Kc7 54. c5 f3 55. Ke3 Bd1 56. Kf2 Kc8 57. Rh6 Bc2 58. Rb6 Bd1 59. Ke1
Bc2 60. Kf2 Bd1 61. Ke1 Bc2 62. Kd2 Kc7 63. Rf6 f2 64. Kc3 f1=Q 65. Rxf1 Kc6
66. Rf7 1/2-1/2

[Event "4NCL Division 2d"]
[Site "Puma Hotel, Hinckley Island EN"]
[Date "2013.05.05"]
[Round "10.54"]
[White "McEwan, Ken B"]
[Black "Moss, Guy"]
[Result "1-0"]
[WhiteElo "2100"]
[BlackElo "1975"]
[PlyCount "69"]
[EventDate "2013.05.05"]
[WhiteTeam "Poisoned Pawns"]
[BlackTeam "Barbican Youth"]

1. e4 c5 2. Nc3 e6 3. g3 Nc6 4. Bg2 Nf6 5. f4 d5 6. e5 Nd7 7. d3 a6 8. Nf3 Be7
9. Ne2 f6 10. exf6 Bxf6 11. c3 O-O 12. O-O Nb6 13. Rb1 Kh8 14. b3 a5 15. Ba3
Nd7 16. d4 b5 17. c4 bxc4 18. bxc4 Ba6 19. cxd5 exd5 20. dxc5 Qe7 21. Rf2 Rab8
22. Rxb8 Rxb8 23. Ned4 Nxd4 24. Nxd4 Qe3 25. Nc2 Qc3 26. Rf3 Qc4 27. Rb3 Rxb3
28. axb3 Qc3 29. Qxd5 g6 30. Be4 Bb5 31. c6 Bxc6 32. Qxc6 Bd4+ 33. Kf1 Qd2 34.
Qc8+ Kg7 35. Qxd7+ 1-0

[Event "4NCL Division 2d"]
[Site "Puma Hotel, Hinckley Island EN"]
[Date "2013.05.05"]
[Round "10.55"]
[White "Brett, Andrew R"]
[Black "Rosen, Daniel B"]
[Result "1/2-1/2"]
[WhiteElo "2105"]
[BlackElo "2085"]
[PlyCount "59"]
[EventDate "2013.05.05"]
[WhiteTeam "Barbican Youth"]
[BlackTeam "Poisoned Pawns"]

1. e4 g6 2. d4 Bg7 3. c4 d6 4. Nc3 Nc6 5. d5 Nb8 6. Nge2 e5 7. dxe6 fxe6 8. Be3
Nc6 9. Qd2 Nf6 10. f3 Qe7 11. h4 a6 12. Nf4 Bh6 13. O-O-O e5 14. Nfd5 Bxe3 15.
Qxe3 Nxd5 16. Nxd5 Qg7 17. c5 Be6 18. Bc4 Nd4 19. h5 Bxd5 20. exd5 Nf5 21. Qf2
Qh6+ 22. Kb1 Qe3 23. Qc2 Qxc5 24. hxg6 Ne3 25. g7 Rg8 26. Qxh7 O-O-O 27. Qxg8
Rxg8 28. Rh8 Qxc4 29. Rxg8+ Kd7 30. Rd8+ 1/2-1/2

[Event "4NCL Division 2d"]
[Site "Puma Hotel, Hinckley Island EN"]
[Date "2013.05.05"]
[Round "10.56"]
[White "McCorry, Robert T"]
[Black "Ayvazyan, Nikita"]
[Result "1/2-1/2"]
[WhiteElo "2076"]
[BlackElo "1940"]
[PlyCount "63"]
[EventDate "2013.05.05"]
[WhiteTeam "Poisoned Pawns"]
[BlackTeam "Barbican Youth"]

1. e4 d5 2. exd5 Nf6 3. Bb5+ Bd7 4. Be2 Nxd5 5. d4 Bf5 6. Nf3 e6 7. O-O Be7 8.
c4 Nb4 9. Nc3 O-O 10. a3 Nc2 11. Ra2 Bf6 12. g4 Bg6 13. g5 Bxd4 14. Nh4 Nc6 15.
Nxg6 fxg6 16. Qxc2 Bxf2+ 17. Rxf2 Qd4 18. Bf1 Ne5 19. Nb5 Qg4+ 20. Kh1 Rxf2 21.
Qxf2 Rf8 22. Qe2 Rxf1+ 23. Qxf1 Qe4+ 24. Kg1 Qg4+ 25. Qg2 Qd1+ 26. Kf2 Qc2+ 27.
Kg1 Qxc1+ 28. Kf2 Qc2+ 29. Kg3 Qd3+ 30. Kf4 Qf5+ 31. Kg3 Qd3+ 32. Kf2 1/2-1/2

[Event "4NCL Division 2d"]
[Site "Puma Hotel, Hinckley Island EN"]
[Date "2013.05.05"]
[Round "10.57"]
[White "Stewart, Ashley"]
[Black "McMahon, Paul"]
[Result "0-1"]
[WhiteElo "2025"]
[BlackElo "1992"]
[PlyCount "72"]
[EventDate "2013.05.05"]
[WhiteTeam "Barbican Youth"]
[BlackTeam "Poisoned Pawns"]

1. d4 Nf6 2. Bg5 d5 3. Bxf6 gxf6 4. e3 Bf5 5. Bd3 Qd7 6. Ne2 Nc6 7. Bxf5 Qxf5
8. Ng3 Qd7 9. Nd2 O-O-O 10. c3 e5 11. O-O Kb8 12. b4 h5 13. Nxh5 Qf5 14. Ng3
Qh7 15. h3 e4 16. b5 Ne7 17. a4 Nf5 18. Nxf5 Qxf5 19. Qg4 Qh7 20. h4 f5 21. Qh3
Be7 22. h5 Rdg8 23. Rfb1 Rg5 24. h6 Rg6 25. Kf1 Rxh6 26. Qg3 Bd6 27. f4 Rg8 28.
Qf2 Rh1+ 29. Ke2 Qh5+ 30. Nf3 exf3+ 31. Kd3 Rxb1 32. Rxb1 Rxg2 33. Qf1 Qh2 34.
Qd1 f2 35. Qh1 f1=Q+ 36. Qxf1 Rd2# 0-1

[Event "4NCL Division 2d"]
[Site "Puma Hotel, Hinckley Island EN"]
[Date "2013.05.05"]
[Round "10.58"]
[White "Sucikova, Svetlana"]
[Black "Bhatia, Kanwal K"]
[Result "0-1"]
[WhiteElo "1877"]
[BlackElo "2036"]
[PlyCount "58"]
[EventDate "2013.05.05"]
[WhiteTeam "Poisoned Pawns"]
[BlackTeam "Barbican Youth"]

1. c4 e5 2. Nc3 Nc6 3. g3 Bc5 4. Bg2 d6 5. e3 a6 6. Nge2 Nge7 7. a3 O-O 8. O-O
Ba7 9. Nd5 Ng6 10. b4 Nce7 11. d4 c6 12. Nxe7+ Qxe7 13. Qc2 Bg4 14. dxe5 Nxe5
15. Bb2 Nf3+ 16. Bxf3 Bxf3 17. Nd4 Be4 18. Qc3 f6 19. Rfd1 Rfe8 20. Rac1 Qd7
21. Ne2 Qg4 22. Kf1 Qf3 23. Ng1 Qg2+ 24. Ke2 Bg6 25. c5 Bh5+ 26. Kd3 Qxf2 27.
Re1 Rad8 28. Kc4 Re4+ 29. Kb3 Bf7+ 0-1

[Event "4NCL Division 2d"]
[Site "Puma Hotel, Hinckley Island EN"]
[Date "2013.05.05"]
[Round "10.61"]
[White "Richardson, John R"]
[Black "Jones, Richard S"]
[Result "1/2-1/2"]
[WhiteElo "2320"]
[BlackElo "2401"]
[PlyCount "84"]
[EventDate "2013.05.05"]
[WhiteTeam "The AD's"]
[BlackTeam "Rhyfelwyr Essyllwg 1"]

1. d4 d5 2. c4 c6 3. Nf3 Nf6 4. Nc3 dxc4 5. a4 Bf5 6. Ne5 Nbd7 7. Nxc4 Nb6 8.
Ne5 a5 9. Bg5 h6 10. Bh4 Nbd5 11. Qb3 Qb6 12. Qxb6 Nxb6 13. f3 Bc2 14. e4 e6
15. Bd3 Bb3 16. O-O Bb4 17. Na2 Bxa2 18. Rxa2 O-O 19. Bf2 Nbd7 20. Nxd7 Nxd7
21. Raa1 Rfd8 22. Rfd1 Rac8 23. Rac1 Kf8 24. Bc4 Ke7 25. Bb3 e5 26. dxe5 Nxe5
27. Bd4 f6 28. f4 c5 29. Bxe5 fxe5 30. fxe5 Bd2 31. Rb1 c4 32. Bc2 Bf4 33. Rd5
Rxd5 34. exd5 Bxe5 35. Bd1 Rc5 36. b4 axb4 37. Rxb4 Rxd5 38. Bf3 Rc5 39. Rxb7+
Kd6 40. Rb6+ Kc7 41. Rb7+ Kc8 42. Rb5 Rxb5 1/2-1/2

[Event "4NCL Division 2d"]
[Site "Puma Hotel, Hinckley Island EN"]
[Date "2013.05.05"]
[Round "10.62"]
[White "Kett, Timothy J"]
[Black "Wheeler, Darren P"]
[Result "1/2-1/2"]
[WhiteElo "2220"]
[BlackElo "2284"]
[PlyCount "80"]
[EventDate "2013.05.05"]
[WhiteTeam "Rhyfelwyr Essyllwg 1"]
[BlackTeam "The AD's"]

1. d4 e6 2. c4 Nf6 3. Nc3 Bb4 4. e3 c5 5. Nf3 Bxc3+ 6. bxc3 d6 7. Be2 Nc6 8.
O-O O-O 9. Qc2 e5 10. Bb2 Re8 11. Rae1 Bg4 12. Nh4 Bxe2 13. Rxe2 Na5 14. e4
Nxc4 15. Bc1 Nh5 16. g3 Nf4 17. Bxf4 exf4 18. Qd3 b5 19. Qf3 cxd4 20. cxd4 Qf6
21. Rd1 a5 22. Nf5 fxg3 23. hxg3 g6 24. Nh6+ Kg7 25. Qh1 Qg5 26. Nxf7 Kxf7 27.
Qxh7+ Ke6 28. e5 d5 29. Qb7 Rad8 30. Kg2 Qe7 31. Qxb5 Kf7 32. Rh1 Kg7 33. Rh4
Rh8 34. Rxh8 Kxh8 35. Re1 Kg7 36. Qc6 Qf7 37. Rb1 Re8 38. Rb7 Re7 39. Rxe7 Qxe7
40. Qxd5 Qc7 1/2-1/2

[Event "4NCL Division 2d"]
[Site "Puma Hotel, Hinckley Island EN"]
[Date "2013.05.05"]
[Round "10.63"]
[White "Snape, Ian L"]
[Black "Morris, Gareth L"]
[Result "1-0"]
[WhiteElo "2249"]
[BlackElo "2091"]
[PlyCount "115"]
[EventDate "2013.05.05"]
[WhiteTeam "The AD's"]
[BlackTeam "Rhyfelwyr Essyllwg 1"]

1. e4 c5 2. Nf3 Nc6 3. d4 cxd4 4. Nxd4 e5 5. Nb5 d6 6. N1c3 a6 7. Na3 b5 8. Nd5
Nce7 9. Bg5 f6 10. Be3 Nxd5 11. Qxd5 Rb8 12. c4 b4 13. Nc2 f5 14. exf5 Bxf5 15.
Qd2 a5 16. Bd3 Be6 17. O-O Be7 18. f4 Nf6 19. f5 Bd7 20. Bg5 Ng4 21. Bxe7 Qxe7
22. h3 Nf6 23. Rae1 Bc6 24. Nd4 Qa7 25. Qf2 Bd7 26. Nf3 Qxf2+ 27. Rxf2 O-O 28.
g4 Bc6 29. Nd2 h6 30. c5 e4 31. Nxe4 Bxe4 32. Bxe4 dxc5 33. Bd3 Rfd8 34. Bc4+
Kf8 35. Rfe2 Rb7 36. Re5 Rc7 37. R1e2 Rd4 38. b3 a4 39. Kg2 a3 40. Kf3 Rdd7 41.
h4 Re7 42. Be6 Nd7 43. R5e4 Nb8 44. g5 h5 45. f6 Re8 46. Kf4 Nc6 47. Bf5 Rxe4+
48. Rxe4 Rf7 49. Bg6 gxf6 50. Bxf7 Kxf7 51. gxf6 Kxf6 52. Ke3 Nd4 53. Kd3 Kf5
54. Re8 Nb5 55. Rc8 Nc3 56. Rxc5+ Kg4 57. Rxc3 bxc3 58. b4 1-0

[Event "4NCL Division 2d"]
[Site "Puma Hotel, Hinckley Island EN"]
[Date "2013.05.05"]
[Round "10.64"]
[White "Brown, Tom"]
[Black "Anderton, David W"]
[Result "1-0"]
[WhiteElo "2091"]
[BlackElo "2217"]
[PlyCount "83"]
[EventDate "2013.05.05"]
[WhiteTeam "Rhyfelwyr Essyllwg 1"]
[BlackTeam "The AD's"]

1. d4 f5 2. g3 Nf6 3. Bg2 g6 4. Nf3 Bg7 5. O-O O-O 6. b3 d6 7. Bb2 Na6 8. Nbd2
Qe8 9. c4 c6 10. Qc2 h6 11. e4 fxe4 12. Nxe4 Bf5 13. Nh4 Bxe4 14. Bxe4 Nxe4 15.
Qxe4 Kh7 16. Rae1 Bf6 17. Re2 Qf7 18. Ng2 Rae8 19. Rfe1 Nc7 20. h4 Kg7 21. Qg4
e5 22. h5 exd4 23. Rxe8 Rxe8 24. Rxe8 Nxe8 25. Bxd4 c5 26. hxg6 Qxg6 27. Qd7+
Qf7 28. Bxf6+ Kxf6 29. Qg4 Qg6 30. Qf3+ Qf5 31. Nf4 Ng7 32. Qxb7 Qb1+ 33. Kg2
Qxa2 34. Qd7 Qxb3 35. Nd5+ Kg6 36. Qxd6+ Kh7 37. Nf6+ Kg6 38. Ng4+ Kh7 39.
Qxh6+ Kg8 40. Nf6+ Kf7 41. Ne4 Qb6 42. Ng5+ 1-0

[Event "4NCL Division 2d"]
[Site "Puma Hotel, Hinckley Island EN"]
[Date "2013.05.05"]
[Round "10.65"]
[White "Besedin, Pavel"]
[Black "Trevelyan, John"]
[Result "0-1"]
[WhiteElo "2081"]
[BlackElo "2129"]
[PlyCount "80"]
[EventDate "2013.05.05"]
[WhiteTeam "The AD's"]
[BlackTeam "Rhyfelwyr Essyllwg 1"]

1. e4 d6 2. d4 e5 3. Nf3 Nf6 4. dxe5 Nxe4 5. Bc4 c6 6. Nbd2 Nxd2 7. Bxd2 d5 8.
Bd3 Nd7 9. b4 Be7 10. h4 Nf8 11. Nd4 Bxh4 12. g3 Be7 13. f4 Ne6 14. Nxe6 Bxe6
15. f5 Bc8 16. Qg4 Kf8 17. Qf4 f6 18. e6 Bd6 19. Qf3 Be5 20. Rb1 b6 21. g4 h6
22. c4 Bb7 23. cxd5 cxd5 24. Bb5 Rc8 25. g5 fxg5 26. Qh5 Qf6 27. Bxg5 Bg3+ 28.
Kd1 hxg5 29. Qf7+ Qxf7 30. Rxh8+ Qg8 31. Rxg8+ Kxg8 32. e7 Kf7 33. e8=Q+ Rxe8
34. Bxe8+ Kxe8 35. Rb3 Bd6 36. Re3+ Kf7 37. a3 g4 38. Re6 Bf4 39. Ke2 d4 40.
Rg6 Bf3+ 0-1

[Event "4NCL Division 2d"]
[Site "Puma Hotel, Hinckley Island EN"]
[Date "2013.05.05"]
[Round "10.66"]
[White "Hewitt, William"]
[Black "Bellin, Jana M"]
[Result "1/2-1/2"]
[WhiteElo "2082"]
[BlackElo "2128"]
[PlyCount "75"]
[EventDate "2013.05.05"]
[WhiteTeam "Rhyfelwyr Essyllwg 1"]
[BlackTeam "The AD's"]

1. e4 c5 2. Nf3 e6 3. d4 cxd4 4. Nxd4 a6 5. Bd3 Nf6 6. O-O d6 7. c4 Be7 8. Nc3
Qc7 9. Qe2 b6 10. Kh1 Nbd7 11. f4 O-O 12. Bd2 Nc5 13. Bc2 Re8 14. b4 Ncd7 15.
Rae1 Nf8 16. a3 Bb7 17. Bd3 Rad8 18. Rc1 Qb8 19. Be3 Rc8 20. Nf3 N8d7 21. Bd4
e5 22. fxe5 dxe5 23. Be3 a5 24. Rb1 axb4 25. axb4 Bc6 26. Qd2 Qc7 27. Rfc1 Red8
28. Nd5 Bxd5 29. cxd5 Qd6 30. Rxc8 Rxc8 31. Qb2 Ng4 32. Bg1 g6 33. h3 Ngf6 34.
Bh2 Nh5 35. Nxe5 Bf6 36. Nxd7 Qxd7 37. Be5 Bxe5 38. Qxe5 1/2-1/2

[Event "4NCL Division 2d"]
[Site "Puma Hotel, Hinckley Island EN"]
[Date "2013.05.05"]
[Round "10.68"]
[White "Thorpe, Thomas G"]
[Black "Tome, Daniel"]
[Result "1/2-1/2"]
[WhiteElo "1865"]
[BlackElo "2100"]
[PlyCount "73"]
[EventDate "2013.05.05"]
[WhiteTeam "Rhyfelwyr Essyllwg 1"]
[BlackTeam "The AD's"]

1. e4 e6 2. d4 d5 3. Nd2 c5 4. exd5 exd5 5. Ngf3 Nf6 6. Bb5+ Bd7 7. Qe2+ Be7 8.
dxc5 O-O 9. Bxd7 Nbxd7 10. O-O Nxc5 11. Nb3 Nce4 12. Be3 Qc7 13. c3 Rfe8 14.
Rad1 Bd6 15. h3 Rad8 16. Nbd4 a6 17. Qc2 Nh5 18. Ne2 Bc5 19. Bxc5 Qxc5 20. Nfd4
Qc4 21. Qb3 Qc7 22. Nf5 Qe5 23. Ned4 g6 24. Nh6+ Kg7 25. Ng4 Qe7 26. Ne3 Kh8
27. Nxd5 Rxd5 28. Qxd5 Nf4 29. Qa5 b5 30. Nf3 Ne2+ 31. Kh1 Qc5 32. Rd8 N4g3+
33. fxg3 Nxg3+ 34. Kh2 Nxf1+ 35. Kh1 Ng3+ 36. Kh2 Nf1+ 37. Kh1 1/2-1/2

[Event "4NCL Division 2d"]
[Site "Puma Hotel, Hinckley Island EN"]
[Date "2013.05.05"]
[Round "10.71"]
[White "Dunn, Andrew"]
[Black "Ivell, Nicholas W"]
[Result "1/2-1/2"]
[WhiteElo "2222"]
[BlackElo "2320"]
[PlyCount "73"]
[EventDate "2013.05.05"]
[WhiteTeam "North East England"]
[BlackTeam "Spirit of Atticus"]

1. d4 d5 2. c4 e6 3. Nf3 c5 4. cxd5 exd5 5. Nc3 Nc6 6. dxc5 d4 7. Na4 Bxc5 8.
Nxc5 Qa5+ 9. Qd2 Qxc5 10. e3 dxe3 11. Qxe3+ Qxe3+ 12. Bxe3 Nge7 13. Bc4 O-O 14.
O-O Bf5 15. Rfe1 Rfe8 16. Bc5 Ng6 17. Bb5 Be4 18. Nd4 a6 19. Nxc6 bxc6 20. Bf1
a5 21. b3 Bd5 22. Rxe8+ Rxe8 23. Bb6 Ra8 24. Re1 f6 25. Bc7 a4 26. Bc4 axb3 27.
Bxb3 Bxb3 28. axb3 Kf7 29. g3 Ne7 30. Bd6 Nd5 31. b4 Ra2 32. Rc1 Ra6 33. Bc5 f5
34. Re1 Ra4 35. Rc1 Nxb4 36. Bxb4 Rxb4 37. Rxc6 1/2-1/2

[Event "4NCL Division 2d"]
[Site "Puma Hotel, Hinckley Island EN"]
[Date "2013.05.05"]
[Round "10.72"]
[White "Carleton, John J"]
[Black "Dargan, Paul AG"]
[Result "1/2-1/2"]
[WhiteElo "2277"]
[BlackElo "2150"]
[PlyCount "105"]
[EventDate "2013.05.05"]
[WhiteTeam "Spirit of Atticus"]
[BlackTeam "North East England"]

1. d4 Nf6 2. c4 e6 3. Nc3 Bb4 4. Qc2 O-O 5. e4 c5 6. a3 cxd4 7. axb4 dxc3 8. e5
Ng4 9. Nf3 f6 10. exf6 Nxf6 11. bxc3 b6 12. Bd3 Bb7 13. Ng5 h6 14. Nh7 Nxh7 15.
Bxh7+ Kh8 16. O-O Qh4 17. f4 d5 18. cxd5 exd5 19. Be3 Nd7 20. Bd4 Nf6 21. g3
Qh3 22. Bf5 Qh5 23. Bg6 Qg4 24. f5 Ne4 25. Rf4 Qg5 26. Qg2 a5 27. b5 Rac8 28.
Rf3 Qd2 29. Qxd2 Nxd2 30. Re3 Ne4 31. Bxb6 Rxc3 32. Rxc3 Nxc3 33. Rxa5 d4 34.
Kf2 d3 35. Ke3 Nd5+ 36. Kxd3 Nxb6 37. Ra7 Rd8+ 38. Ke2 Rd7 39. Ra3 Re7+ 40. Re3
Nd5 41. Rxe7 Nxe7 42. Ke3 Nxg6 43. fxg6 Kg8 44. Kd4 Kf8 45. Ke5 Ke7 46. g4 Kd7
47. h4 Ke7 48. h5 Bc8 49. b6 Bb7 50. Kf5 Bc8+ 51. Ke5 Ba6 52. Kf5 Bb7 53. g5
1/2-1/2

[Event "4NCL Division 2d"]
[Site "Puma Hotel, Hinckley Island EN"]
[Date "2013.05.05"]
[Round "10.73"]
[White "Coathup, Roger H"]
[Black "Mitchell, Martin"]
[Result "0-1"]
[WhiteElo "2123"]
[BlackElo "2213"]
[PlyCount "92"]
[EventDate "2013.05.05"]
[WhiteTeam "North East England"]
[BlackTeam "Spirit of Atticus"]

1. d4 Nf6 2. c4 e6 3. Nc3 Bb4 4. e3 O-O 5. Bd3 d5 6. Nge2 dxc4 7. Bxc4 c5 8. a3
cxd4 9. axb4 dxc3 10. Nxc3 Qc7 11. Qe2 Nc6 12. b5 Ne5 13. Ba2 Rd8 14. O-O Nd3
15. Rd1 Nxc1 16. Rdxc1 Qe7 17. Bc4 Bd7 18. Ra3 Rdc8 19. Rca1 Qc5 20. Bd3 e5 21.
h3 Be6 22. Qf3 Rc7 23. Ra5 Qd6 24. Bf5 Bxf5 25. Qxf5 b6 26. Ne4 Nxe4 27. Qxe4
Rac8 28. Rxa7 g6 29. Rxc7 Rxc7 30. Ra8+ Kg7 31. Re8 Rc1+ 32. Kh2 Rc5 33. Qa8
e4+ 34. g3 Rc2 35. Rg8+ Kh6 36. Qf8+ Qxf8 37. Rxf8 Rxf2+ 38. Kg1 Rf3 39. Rb8
Rxe3 40. Rxb6 Rxg3+ 41. Kh2 Rb3 42. Rb7 f5 43. b6 Kg5 44. Rb8 Kf4 45. b7 Rxb2+
46. Kg1 Kg3 0-1